In the shadow of Angkor : Comporary writing from Cambodia
Shranjeno v:
| Format: | Knjiga |
|---|---|
| Jezik: | Undetermined |
| Izdano: |
Hawaii, Honolulu
Univ. of Hawaii Press
|
| Teme: | |
| Oznake: |
Označite
Brez oznak, prvi označite!
|
| Thư viện lưu trữ: | Trung tâm Học liệu Trường Đại học Cần Thơ |
|---|
| LEADER | 00561nam a2200181Ia 4500 | ||
|---|---|---|---|
| 001 | CTU_62929 | ||
| 008 | 210402s9999 xx 000 0 und d | ||
| 082 | |a 808 | ||
| 082 | |b I.35 | ||
| 245 | 0 | |a In the shadow of Angkor : | |
| 245 | 0 | |b Comporary writing from Cambodia | |
| 245 | 0 | |c Soth Polin... [et al.]; Edited by Frank Stewart and Sharon Mary | |
| 260 | |a Hawaii, Honolulu | ||
| 260 | |b Univ. of Hawaii Press | ||
| 650 | |a Literature | ||
| 650 | |x Collections | ||
| 904 | |i Minh (Nguyên sửa) | ||
| 980 | |a Trung tâm Học liệu Trường Đại học Cần Thơ | ||